00844nam a22002057a 4500999001900000005001700019010001300036020002600049035001300075037001400088082001200102100001600114245006200130260002900192270008900221300002700310500011900337942002600456952015600482 c193114d19311420221017104452.0 aB-745975 a9788193746851c495.00 aB-745975 aOakBridge a330.954 aSinha, Amit aIndian economy:bFrom seclusion to inclusion/cAmit Sinha aHaryanabOakBridgec2018 aM35, 1st floor, old dlf, GurugrambHaryanae122001k+911244305970minfo@oakbridge.in axxxiv,V.Pb23cm. (pbk) aFor civil services preliminary and main examinations. Previous year question papers are available in last chapter. 2ddccENmSINh330.954 001040708NFICaLbLd2022-10-17e6.10.22/Giftg495.00l6m5o330.954 SINpB-745975r2024-11-06 00:00:00s2024-10-25t1v495.00w2022-10-17yENzGift